| Tag |
First Indicator |
Second Indicator |
Subfields |
| LEADER |
00000cam a2200000 4500 |
| 001 |
in00000094717 |
| 005 |
20150927110531.0 |
| 008 |
751014s1965 paua b 10010 eng |
| 010 |
|
|
|a 65016812
|
| 035 |
|
|
|a (OCoLC)01700214
|
| 035 |
|
|
|9 AAL6588AM
|
| 040 |
|
|
|a DLC
|c FQG
|d OCL
|d TXA
|d UtOrBLW
|
| 049 |
|
|
|a TXAM
|c [504082]
|
| 050 |
|
0 |
|a TP156.P6
|b S9 1964
|
| 082 |
0 |
|
|a 547.139
|
| 111 |
2 |
|
|a Symposium on the Effects of Polymer Degradation on Flow Properties of Fluids and Lubricants
|d (1964 :
|c Atlantic City)
|
| 245 |
1 |
4 |
|a The effects of polymer degradation on flow properties of fluids and lubricants containing polymers ;
|b a symposium.
|
| 264 |
|
1 |
|a Philadelphia :
|b American Society for Testing and Materials,
|c [1965]
|
| 300 |
|
|
|a vi, 82 pages :
|b illustrations ;
|c 23 cm.
|
| 336 |
|
|
|a text
|b txt
|2 rdacontent
|
| 337 |
|
|
|a unmediated
|b n
|2 rdamedia
|
| 338 |
|
|
|a volume
|b nc
|2 rdacarrier
|
| 490 |
1 |
|
|a ASTM special technical publication no. 382
|
| 500 |
|
|
|a Sponsored by Research Division VII on Flow Properties, of ASTM Committee D-2 on Petroleum Products and Lubricants, and presented at the Committee's meeting Jan. 26-31, 1964, in Atlantic City.
|
| 504 |
|
|
|a Includes bibliographical references.
|
| 650 |
|
0 |
|a Polymerization
|v Congresses.
|
| 650 |
|
0 |
|a Fluids
|v Congresses.
|
| 650 |
|
0 |
|a Lubrication and lubricants
|v Congresses.
|
| 650 |
|
0 |
|a Polymers
|v Congresses.
|
| 710 |
2 |
|
|a ASTM Committee D-2 on Petroleum Products and Lubricants.
|
| 830 |
|
0 |
|a ASTM special technical publication ;
|v 382.
|
| 999 |
|
|
|a MARS
|
| 999 |
f |
f |
|s e19dc539-e87e-343c-8af9-79f4cab304b2
|i 66929033-908a-3bb2-b109-abbf6a998d04
|t 0
|
| 952 |
f |
f |
|p ric
|a Texas A&M University
|b Rellis Campus
|c Joint Library Facility
|d Remote Storage
|t 0
|e TP156.P6 S9 1964
|h Library of Congress classification
|i unmediated -- volume
|m A14805599687
|
| 998 |
f |
f |
|a TP156.P6 S9 1964
|t 0
|l Remote Storage
|